书目信息 |
| 题名: |
艺术空间
|
|
| 作者: | ;度本图书编辑工作室 编译 | |
| 分册: | 吧与俱乐部 | |
| 出版信息: | 武汉 华中科技大学出版社 2011.06 |
|
| 页数: | 319页 | |
| 开本: | 30cm | |
| 丛书名: | ||
| 单 册: | ||
| 中图分类: | TU247.3-64 , TU242.4-64 , TU238-64 | |
| 科图分类: | ||
| 主题词: | 酒吧--室内装饰设计--世界--现代--图集 , 俱乐部--室内装饰设计--世界--现代--图集 , 室内装饰设计--世界--现代--图集 | |
| 电子资源: | ||
| ISBN: | 978-7-5609-6663-2 | |
| 000 | 01075nam0 2200277 450 | |
| 001 | 1252417492 | |
| 005 | 20120218132809.56 | |
| 010 | @a978-7-5609-6663-2@b精装@dCNY268.00 | |
| 100 | @a20110713d2011 y0chiy0110 ea | |
| 101 | 0 | @achi@aeng |
| 102 | @aCN@b420000 | |
| 105 | @aa z 000yy | |
| 200 | 1 | @a艺术空间@9yi shu kong jian@i吧与俱乐部@dArtistic space series@iBar+club@f度本图书(Dopress Books)编译@zeng |
| 210 | @a武汉@c华中科技大学出版社@d2011.06 | |
| 215 | @a319页@d30cm | |
| 330 | @a本书收录的吧与俱乐部室内空间设计作品选自全球各地多家极具才华的设计师或设计团队。书中着重强调了墙面、家具陈设、灯光、色彩、材质等室内装饰元素的艺术风格。 | |
| 510 | 1 | @aArtistic space series@iBar+club@zeng |
| 606 | 0 | @a酒吧@x室内装饰设计@y世界@z现代@j图集 |
| 606 | 0 | @a俱乐部@x室内装饰设计@y世界@z现代@j图集 |
| 606 | 0 | @a室内装饰设计@y世界@z现代@j图集 |
| 690 | @aTU247.3-64@v4 | |
| 690 | @aTU242.4-64@v4 | |
| 690 | @aTU238-64@v4 | |
| 711 | 02 | @a度本图书编辑工作室@9du ben tu shu bian ji gong zuo shi@4编译 |
| 801 | 0 | @aCN@bSG02@c20110713 |
| 905 | @a10447@dTU238-64@eD9022 | |
| 艺术空间.吧与俱乐部=Artistic space series.Bar+club/度本图书(Dopress Books)编译.-武汉:华中科技大学出版社,2011.06 |
| 319页;30cm |
| ISBN 978-7-5609-6663-2(精装):CNY268.00 |
| 本书收录的吧与俱乐部室内空间设计作品选自全球各地多家极具才华的设计师或设计团队。书中着重强调了墙面、家具陈设、灯光、色彩、材质等室内装饰元素的艺术风格。 |
| ● |
| 相关链接 |
|
|
|
正题名:艺术空间
索取号:TU238-64/D9022
 
预约/预借
| 序号 | 登录号 | 条形码 | 馆藏地/架位号 | 状态 | 备注 |
| 1 | 483427 | 204834279 | 建筑库101/101建筑库 54排1列3层/ [索取号:TU238-64/D9022] | 在馆 | |
| 2 | 483672 | 204836721 | 建筑库101/101建筑库 54排1列3层/ [索取号:TU238-64/D9022] | 在馆 |